Europako Ituneen Hiztegia (Registro nro. 189)
[ vista simple ]
| 000 -CABECERA | |
|---|---|
| Longitud fija campo de control | 01539nam a2200421 c 4500 |
| 001 - NÚMERO DE CONTROL | |
| Número de control | 189 |
| 003 - IDENTIFICADOR DE NÚMERO DE CONTROL | |
| Identificador del número de control | ES-MaCES |
| 005 - FECHA Y HORA DE LA ÚLTIMA TRANSACCIÓN | |
| Fecha y hora de la última transacción | 20181226105927.0 |
| 008 - CAMPO FIJO DE DESCRIPCIÓN FIJA--INFORMACIÓN GENERAL | |
| Códigos de información de longitud fija | 960930s1991 sp ||| | spa d |
| 017 ## - NÚMERO DE REGISTRO DE DERECHOS DE AUTOR Y DEPÓSITO LEGAL | |
| Número de copyright o de depósito legal | BI-2544-91 |
| Agencia que asigna el número | DL |
| 020 ## - ISBN (INTERNATIONAL STANDARD BOOK NUMBER) | |
| Número Internacional Normalizado para Libros (ISBN) | 8477770832 |
| 035 ## - NÚMERO DE CONTROL DEL SISTEMA | |
| Número de control del sistema | CES19980001898m |
| 040 ## - FUENTE DE CATALOGACIÓN | |
| Centro catalogador de origen | ES-MaCES |
| Lengua de catalogación | spa |
| Centro transcriptor | ES-MaCES |
| 041 1# - CÓDIGO DE IDIOMA | |
| Código de lengua del texto;banda sonora o título independiente | spa |
| -- | baq |
| -- | dan |
| -- | dut |
| -- | eng |
| -- | fre |
| -- | ger |
| -- | ita |
| 245 00 - MENCIÓN DE TÍTULO | |
| Título | Europako Ituneen Hiztegia |
| Resto del título | : esaldi-hiztegia : Europako Elkartearen Eratze-Ituneetan oinarritua = Vocabulario de los Tratados Europeos : vocabulario fraseológico : basado en los tratados constitutivos de las Comunidades Europeas = (...) |
| Mención de responsabilidad, etc. | egileak, Jon Agirre ... [et al] |
| 260 ## - PUBLICACIÓN, DISTRIBUCIÓN, ETC (PIE DE IMPRENTA) | |
| Lugar de publicación, distribución, etc. | [Bilbao?] |
| Nombre del editor, distribuidor, etc. | Herri-Arduralaritzaren Euskal Erakundea |
| Fecha de publicación, distribución, etc. | D.L. 1991 |
| 300 ## - DESCRIPCIÓN FÍSICA | |
| Extensión | XXVII, 890 p. |
| Dimensiones | 24 cm |
| 500 ## - NOTA GENERAL | |
| Nota general | Diccionario políglota en ocho lenguas comunitarias |
| 541 ## - NOTA DE LA FUENTE INMEDIANTE DE ADQUISICIÓN | |
| Forma de adquisición | Compra |
| 650 #4 - ASIENTO SECUNDARIO DE MATERIA--TÉRMINO DE MATERIA | |
| Término de materia o nombre geográfico como elemento inicial | tratado |
| 9 (RLIN) | 26685 |
| 650 #4 - ASIENTO SECUNDARIO DE MATERIA--TÉRMINO DE MATERIA | |
| Término de materia o nombre geográfico como elemento inicial | terminología |
| 9 (RLIN) | 28999 |
| 650 #4 - ASIENTO SECUNDARIO DE MATERIA--TÉRMINO DE MATERIA | |
| Término de materia o nombre geográfico como elemento inicial | diccionario |
| 9 (RLIN) | 28997 |
| 650 #4 - ASIENTO SECUNDARIO DE MATERIA--TÉRMINO DE MATERIA | |
| Término de materia o nombre geográfico como elemento inicial | lengua española |
| 9 (RLIN) | 30838 |
| 650 #4 - ASIENTO SECUNDARIO DE MATERIA--TÉRMINO DE MATERIA | |
| Término de materia o nombre geográfico como elemento inicial | lengua vasca |
| 9 (RLIN) | 30845 |
| 650 #4 - ASIENTO SECUNDARIO DE MATERIA--TÉRMINO DE MATERIA | |
| Término de materia o nombre geográfico como elemento inicial | lengua francesa |
| 9 (RLIN) | 30846 |
| 650 #4 - ASIENTO SECUNDARIO DE MATERIA--TÉRMINO DE MATERIA | |
| Término de materia o nombre geográfico como elemento inicial | lengua alemana |
| 9 (RLIN) | 30847 |
| 650 #4 - ASIENTO SECUNDARIO DE MATERIA--TÉRMINO DE MATERIA | |
| Término de materia o nombre geográfico como elemento inicial | lengua inglesa |
| 9 (RLIN) | 30839 |
| 650 #4 - ASIENTO SECUNDARIO DE MATERIA--TÉRMINO DE MATERIA | |
| Término de materia o nombre geográfico como elemento inicial | lengua italiana |
| 9 (RLIN) | 30848 |
| 650 #4 - ASIENTO SECUNDARIO DE MATERIA--TÉRMINO DE MATERIA | |
| Término de materia o nombre geográfico como elemento inicial | lengua danesa |
| 9 (RLIN) | 30849 |
| 650 #4 - ASIENTO SECUNDARIO DE MATERIA--TÉRMINO DE MATERIA | |
| Término de materia o nombre geográfico como elemento inicial | lengua holandesa |
| 9 (RLIN) | 30850 |
| 653 10 - TÉRMINO DE INDEXACIÓN--NO CONTROLADO | |
| Término no controlado | Diccionarios temáticos |
| 650 #4 - ASIENTO SECUNDARIO DE MATERIA--TÉRMINO DE MATERIA | |
| 9 (RLIN) | 26752 |
| Término de materia o nombre geográfico como elemento inicial | UE |
| 700 1# - ENCABEZAMIENTO SECUNDARIO--NOMBRE PERSONAL | |
| Nombre de persona | Agirre, Jon |
| 9 (RLIN) | 5631 |
| 710 2# - ENCABEZAMIENTO SECUNDARIO--NOMBRE CORPORATIVO | |
| Nombre de entidad o nombre de jurisdicción como elemento inicial | Instituto Vasco de Administración Pública |
| Término indicativo de función | ed. |
| 9 (RLIN) | 4339 |
| 902 ## - CES. TIPO DE DOCUMENTO | |
| Tipodoc (006$c Sirtex) | LIB Libro |
| 942 ## - ELEMENTOS KOHA | |
| Fuente de clasificaión o esquema | Clasificación propia del CES |
| Koha [por defecto] tipo de item | Monografías |
| Parte de clasificación | 9.3. |
| Número de registro | Signatura completa | Tipo de item de Koha |
|---|---|---|
| 003765 | DPT-10538 | Monografías |
